Burnt river #2 / Karin Salvalaggio.
Available copies
- 1 of 2 copies available at LARL/NWRL Consortium.
- 0 of 1 copy available at Lake Agassiz Regional Library. (Show preferred library)
Current holds
0 current holds with 2 total copies.
Show Only Available Copies
| Location | Call Number / Copy Notes | Barcode | Shelving Location | Status | Due Date |
|---|---|---|---|---|---|
| Moorhead Public Library | SAL (Text) | 33500012073573 | Main | Checked out | 05/28/2026 |
| Thief River Falls Public Library | SAL (Text) | 35500005647647 | Main | Available | - |
Record details
- ISBN: 9781250046192 (hardcover)
- ISBN: 125004619X (hardcover)
- Physical Description: pages ; cm.
- Edition: First edition.
- Publisher: New York : Minotaur Books, 2015.
Content descriptions
| Summary, etc.: | "When Detective Macy Greeley is called to ... Read More |
Search for related items by subject
| Genre: | Mystery fiction. |
Search for related items by series
| LDR | 02979cam a22005058i 4500 | ||
|---|---|---|---|
| 001 | 179612 | ||
| 003 | LARL_NWRL_CONSORTIUM | ||
| 005 | 20160518192628.0 | ||
| 008 | 150406s2015 nyu 000 1 eng | ||
| 019 | . | ‡a889523627 | |
| 020 | . | ‡a9781250046192 (hardcover) | |
| 020 | . | ‡a125004619X (hardcover) | |
| 020 | . | ‡z9781466846333 (ebook) | |
| 035 | . | ‡a(OCoLC)889735972 ‡z(OCoLC)889523627 | |
| 042 | . | ‡apcc | |
| 043 | . | ‡an-us-mt | |
| 082 | 0 | 0. | ‡a823/.92 ‡223 |
| 084 | . | ‡aFIC022040 ‡aFIC022020 ‡2bisacsh | |
| 100 | 1 | . | ‡aSalvalaggio, Karin. ‡0(LARL_NWRL_CONSORTIUM)221980 |
| 245 | 1 | 0. | ‡aBurnt river ‡n#2 / ‡cKarin Salvalaggio. |
| 250 | . | ‡aFirst edition. | |
| 260 | . | ‡aNew York : ‡bMinotaur Books, ‡c2015. | |
| 300 | . | ‡apages ; cm. | |
| 336 | . | ‡atext ‡2rdacontent | |
| 337 | . | ‡aunmediated ‡2rdamedia | |
| 338 | . | ‡avolume ‡2rdacarrier | |
| 490 | 0 | . | ‡aMacy Greeley mystery ; ‡v2 |
| 520 | . | ‡a"When Detective Macy Greeley is called to Wilmington Creek, a sleepy ranching community in northern Montana, she expects an open-and-shut, if high-profile, murder case. What greets her is anything but. John Dalton, a soldier returned home from serving in Afghanistan, has been shot dead in an alleyway outside a local bar. Macy can't see any obvious motive for the attack, but John's closest friends and his twin sister, Jessie, have been keeping secrets. With a series of wildfires pushing the area's resources to the limit and Darby Lake's water level dropping to a record low, Jessie is becoming increasingly anxious about what may be uncovered if the rains don't return to the valley soon. Haunted by what's hidden beneath the still waters, she doesn't know whether to help or hinder Macy's investigation. And Macy herself is increasingly uneasy about what she discovers as she navigates the politics of a small town and the Dalton family clan, as well as her own complicated relationship with the father of her young son. Macy Greeley returns in another taut and intimate mystery from acclaimed Bone Dust White author Karin Salvalaggio"-- ‡cProvided by publisher. | |
| 650 | 0. | ‡aWomen detectives ‡zMontana ‡vFiction. | |
| 650 | 0. | ‡aMurder ‡xInvestigation ‡vFiction. ‡0(LARL_NWRL_CONSORTIUM)166203 | |
| 650 | 0. | ‡aFamily secrets ‡vFiction. ‡0(LARL_NWRL_CONSORTIUM)164948 | |
| 650 | 7. | ‡aFICTION / Mystery & Detective / Women Sleuths. ‡2bisacsh | |
| 650 | 7. | ‡aFICTION / Mystery & Detective / Police Procedural. ‡2bisacsh | |
| 655 | 7. | ‡aMystery fiction. ‡2gsafd | |
| 901 | . | ‡a179612 ‡bOCLC ‡c179612 ‡tbiblio | |

Add to basket
Permalink
Disable Highlighting